[Event "Herzliya op"]
[Site "Herzliya"]
[Date "2008.09.03"]
[Round "2"]
[White "Shimonovich, Yoav"]
[Black "Ben Porat, Or"]
[Result "0-1"]
[WhiteElo "2088"]
[BlackElo "2179"]
[PlyCount "104"]
[EventDate "2008.09.02"]
[EventType "swiss"]
[EventRounds "9"]
[EventCountry "ISR"]
[SourceTitle "CBM 126 Extra"]
[Source "ChessBase"]
[SourceDate "2008.11.05"]
[SourceVersion "1"]
[SourceVersionDate "2008.11.05"]
[SourceQuality "1"]

1. e4 e6 2. d3 d5 3. Nd2 Nf6 4. Ngf3 b6 5. e5 Nfd7 6. d4 c5 7. c3 Ba6 8. Bxa6 Nxa6 9. Qe2 Qc8 10. 0-0 Be7 11. c4 Nc7 12. b3 0-0 13. Bb2 Qa6 14. Rfe1 Rfd8 15. Qe3 Rac8 16. Qf4 b5 17. Rac1 bxc4 18. bxc4 cxd4 19. Bxd4 dxc4 20. Ne4 Nb5 21. Be3 c3 22. Neg5 f5 23. Qh4 Nf8 24. a4 Nc7 25. Rxc3 h6 26. Qh5 Nd5 27. Rxc8 Rxc8 28. Qf7+ Kh8 29. Nh3 Qxa4 30. Bd2 Qe8 31. Qxe8 Rxe8 32. Ra1 Bc5 33. Kf1 g5 34. Ne1 Bb6 35. Nd3 Rc8 36. Ke2 Nd7 37. Ra4 Nc5 38. Nxc5 Rxc5 39. f4 g4 40. Nf2 Rc2 41. Kd3 Rxd2+ 42. Kxd2 Bxf2 43. g3 Bb6 44. Kd3 Kg7 45. Kc4 h5 46. Ra2 h4 47. Rb2 h3 48. Kb5 Nxf4 49. gxf4 g3 50. hxg3 Bg1 51. Ka6 h2 52. Rb7+ Kg6 0-1

[Event "Herzliya op"]
[Site "Herzliya"]
[Date "2008.09.02"]
[Round "1"]
[White "Ben Porat, Or"]
[Black "Zifroni, Dov"]
[Result "0-1"]
[WhiteElo "2179"]
[BlackElo "2489"]
[PlyCount "46"]
[EventDate "2008.09.02"]
[EventType "swiss"]
[EventRounds "9"]
[EventCountry "ISR"]
[SourceTitle "CBM 126 Extra"]
[Source "ChessBase"]
[SourceDate "2008.11.05"]
[SourceVersion "1"]
[SourceVersionDate "2008.11.05"]
[SourceQuality "1"]

1. e4 e6 2. d4 d5 3. Nc3 Nf6 4. e5 Nfd7 5. f4 c5 6. Nf3 Nc6 7. Be3 Be7 8. Qd2 0-0 9. 0-0-0 c4 10. f5 b5 11. fxe6 fxe6 12. Ne2 b4 13. Nf4 Qa5 14. Kb1 c3 15. Qe2 b3 16. axb3 cxb2 17. Kxb2 Qa3+ 18. Kb1 Nb4 19. Ne1 Nb6 20. Qg4 Nc4 21. Bxc4 dxc4 22. Nxe6 g6 23. d5 c3 0-1

[Event "Barbera del Valles op-A 30th"]
[Site "Barbera del Valles"]
[Date "2007.07.10"]
[Round "5"]
[White "Ben Porat, Or"]
[Black "Pena Riasco, Alexander"]
[Result "0-1"]
[WhiteElo "2193"]
[BlackElo "2296"]
[PlyCount "92"]
[EventDate "2007.07.06"]
[EventType "swiss"]
[EventRounds "9"]
[EventCountry "ESP"]
[SourceTitle "CBM 119 Extra"]
[Source "ChessBase"]
[SourceDate "2007.09.04"]
[SourceVersion "1"]
[SourceVersionDate "2007.09.04"]
[SourceQuality "1"]

1. e4 c5 2. Nf3 d6 3. d4 cxd4 4. Nxd4 Nf6 5. Nc3 a6 6. Bg5 e6 7. f4 Qc7 8. Qf3 Nbd7 9. 0-0-0 b5 10. Bd3 Bb7 11. Rhe1 h6 12. Bh4 Be7 13. g4 b4 14. Nce2 Nc5 15. Bxf6 Bxf6 16. f5 0-0 17. Kb1 d5 18. exd5 Bxd5 19. Qg3 e5 20. Nb3 Nxd3 21. Qxd3 Rfd8 22. Ng3 Bh4 23. Qe3 Rac8 24. Re2 Bg5 25. Qxe5 Bf3 26. Rd4 Rxd4 27. Nxd4 Bxe2 28. Qxc7 Rxc7 29. Ngxe2 Be3 30. b3 Kf8 31. Kb2 Ke7 32. a3 bxa3+ 33. Kxa3 Kd6 34. f6 g6 35. c4 Bxd4 36. Nxd4 Ke5 37. Nc2 Kxf6 38. Nb4 Ke5 39. Nd5 Rb7 40. Kb2 f5 41. gxf5 gxf5 42. Ne3 h5 43. Kc3 f4 44. Nd1 Rd7 45. Nf2 f3 46. c5 Kf4 0-1

[Event "Barbera del Valles op-A 30th"]
[Site "Barbera del Valles"]
[Date "2007.07.09"]
[Round "4"]
[White "Corrales Jimenez, Fidel"]
[Black "Ben Porat, Or"]
[Result "1-0"]
[WhiteElo "2499"]
[BlackElo "2193"]
[PlyCount "55"]
[EventDate "2007.07.06"]
[EventType "swiss"]
[EventRounds "9"]
[EventCountry "ESP"]
[SourceTitle "CBM 119 Extra"]
[Source "ChessBase"]
[SourceDate "2007.09.04"]
[SourceVersion "1"]
[SourceVersionDate "2007.09.04"]
[SourceQuality "1"]

1. d4 e6 2. c4 f5 3. g3 Nf6 4. Bg2 d5 5. b3 c6 6. Nf3 Bd6 7. 0-0 Qe7 8. a4 0-0 9. Ba3 Bxa3 10. Nxa3 a5 11. Nc2 b6 12. Nce1 Bb7 13. Nd3 Nbd7 14. Rc1 Ne4 15. Nfe5 Nxe5 16. Nxe5 c5 17. cxd5 exd5 18. e3 Rac8 19. Qe2 cxd4 20. exd4 Qb4 21. Qe3 Rc3 22. Rxc3 Nxc3 23. Nd7 Rc8 24. Qe6+ Kh8 25. Ne5 h6 26. Nf7+ Kh7 27. Bh3 g6 28. Qd7 1-0